| 000 | 00918nam a2200181 a 4500 | ||
|---|---|---|---|
| 008 | 120416s1970 ||||||||||||||||| || u | ||
| 020 | _a0435900811 | ||
| 050 | _aDT 434.E262 Mbo | ||
| 100 | _aMboya, Tom | ||
| 245 | 1 | 4 | _aThe challenge of nationhood |
| 246 | _aa collection of speeches and writings | ||
| 260 |
_aLondon _bHeinemann _c1970 |
||
| 300 | _aviii, 278p. | ||
| 350 | _a0.00 | ||
| 995 |
_aMAIN LIBRARY OPEN ACCESS _D0.00 _e715646 _FCBU-MAIN LIBRARY (Kitwe) _H3 _I4.85 _jDT 434.E262 Mbo _M3 _UAVAILABLE _WSep 6, 2006 _y000783 _ZMain Library Open Access Collection |
||
| 995 |
_aMAIN LIBRARY OPEN ACCESS _D0.00 _e715647 _FCBU-MAIN LIBRARY (Kitwe) _H1 _I4.85 _jDT 434.E262 Mbo _M1 _UAVAILABLE _WSep 6, 2006 _y000990 _ZMain Library Open Access Collection |
||
| 995 |
_aMAIN LIBRARY OPEN ACCESS _D0.00 _e715645 _FCBU-MAIN LIBRARY (Kitwe) _H2 _I4.85 _jDT 434.E262 Mbo _M2 _UAVAILABLE _WSep 6, 2006 _y000991 _ZMain Library Open Access Collection |
||
| 999 |
_c78131 _d78131 |
||